Catalog

Record Details

Catalog Search



Princ a chuďas : Povídka pro mladé lidi bez rozdílu věku  Cover Image Book Book

Princ a chuďas : Povídka pro mladé lidi bez rozdílu věku / [Autor:] Mark Twain [pseud.] ; Z angl. orig. The prince and the pauper přel. František Gel

Record details

  • Physical Description: 197, [3] s. ; 8°
  • Edition: 2. vyd.
  • Publisher: Praha : Práce, 1961

Content descriptions

General Note:
Vysvětl.: Vladimír Smrž
Výslovnost
Vl. jm. autora: Clemens, Samuel Langhorne
22000 výt.

Available copies

  • 1 of 1 copy available at Common Catalog SPOK.

Holds

  • 0 current holds with 1 total copy.
Show Only Available Copies
Location Call Number / Copy Notes Barcode Shelving Location Status Due Date
KDS Library 810 TwM 204576801387 Library Available -

LDR 01021nam a22003131 4500
00121054
003CZ-PrJAB
00520150713071852.0
008980311s1961 xr cze
015 . ‡acnb000517075
035 . ‡a(CZ PrNK)bk196101613
035 . ‡a(OCoLC)85333332
040 . ‡aABA001 ‡bcze ‡cOSA001 ‡dABA001
0411 . ‡acze ‡heng
080 . ‡a820(73)-313.1 ‡2undef
1001 . ‡aTwain, Mark, ‡d1835-1910 ‡7jn19981002263 ‡4aut
24010. ‡aPrince and the pauper. ‡lČesky
24510. ‡aPrinc a chuďas : ‡bPovídka pro mladé lidi bez rozdílu věku / ‡c[Autor:] Mark Twain [pseud.] ; Z angl. orig. The prince and the pauper přel. František Gel
250 . ‡a2. vyd.
260 . ‡aPraha : ‡bPráce, ‡c1961 ‡f(Mír 1)
300 . ‡a197, [3] s. ; ‡c
4901 . ‡aPříliv ; ‡vSv. 8
500 . ‡aVysvětl.: Vladimír Smrž
500 . ‡aVýslovnost
500 . ‡aVl. jm. autora: Clemens, Samuel Langhorne
500 . ‡a22000 výt.
830 0. ‡aPříliv
910 . ‡aABE463
964 . ‡aŠlechta - povídky satirické
998 . ‡a000517075
901 . ‡a21054 ‡b ‡c21054 ‡tbiblio

Additional Resources